Secularism and its colonial legacy in India / (Record no. 38813)

MARC details
000 -LEADER
fixed length control field 00780nam a22002057a 4500
005 - DATE AND TIME OF LATEST TRANSACTION
control field 20100802164816.0
010 ## - LCCN (DPL NO)
LC control number ENG-97706
020 ## - INTERNATIONAL STANDARD BOOK NUMBER
International Standard Book Number 9788178311814
Terms of availability 450.00
035 ## - SYSTEM CONTROL NUMBER
System control number EN-81239
037 ## - SOURCE OF ACQUISITION
Source of stock number/acquisition DBAD/PUB
082 ## - DEWEY DECIMAL CLASSIFICATION NUMBER
Classification number 320.954
100 ## - MAIN ENTRY--PERSONAL NAME
Personal name Roy, Himanshu
245 ## - TITLE STATEMENT
Title Secularism and its colonial legacy in India /
Statement of responsibility, etc by Himanshu Roy
260 ## - PUBLICATION, DISTRIBUTION, ETC. (IMPRINT)
Place of publication, distribution, etc New Delhi
Name of publisher, distributor, etc Manak Publications
Date of publication, distribution, etc 2009
270 ## - ADDRESS
Address B-7, Saraswati Complex, Subhash Chowk, Laxmi Nagar
City New Delhi
Postal code 110092
300 ## - PHYSICAL DESCRIPTION
Extent xiv,137p.
Dimensions 23cm (Hb)
500 ## - GENERAL NOTE
General note Includes bibliographical references and index
942 ## - ADDED ENTRY ELEMENTS (KOHA)
Source of classification or shelving scheme Dewey Decimal Classification
Item type English Books
Classification part 320.954
Call number suffix ROY
Holdings
Withdrawn status Lost status Not for loan Collection code Home library Current library Date acquired Source of acquisition Cost, normal purchase price Full call number Barcode Copy number Cost, replacement price Koha item type
    Not For Loan Non-fiction D.B.Act.Division D.B.Act.Division 02/08/2010 DBAD/PUB 450.00 320.954 ROY EN-81239 1 450.00 English Books

© Delhi Public Library
Hit Counter
free hit counter